000 00625nam a2200241 i 4500
001 C2-0012538
003 PPAK
005 20190630221919.0
008 970129s1977 enk |||| ||||| | eng d
020 _a070670181X
040 _aPPAK
_beng
_cPPAK
_erda
082 0 4 _a940.5425
_223
090 0 0 _a940.5425
_bALL
_dG
090 0 0 _a940.5425
_bALL
_dKWI
100 1 _aAllen, Louis,
_eauthor
245 1 0 _aSingapore 1941-1942
264 1 _aLondon :
_bDavis- Poynter ,
_c1977
300 _a343 pages ;
_c23 cm
336 _2rdacontent
_atext
337 _2rdamedia
_aunmediated
338 _2rdacarrier
_avolume
942 _ddc
_cB
999 _c3179
_d3179